000 00909nam a2200229 i 4500
001 153876
003 ES-MaACL
005 20230906205420.0
008 190122s1957 sp |||| | spa d
100 0 _aTeuchert, Hans.
_9109847
245 1 0 _aFuerza motriz y tracción eléctrica /
_cpor Hans Teuchert ; traducción del alemán, ampliada por Emilio Siegrist Spinedy ; con un apéndice sobre "rectificadores" por Francisco Planell.
250 _a1ª ed. 1948, 2ª reimp. 1957.
260 _aBarcelona :
_bLabor,
_c1957.
300 _aXI, 483 p., 1 h. de plano pleg. :
_bil., plano ;
_c22 cm.
490 1 _aLa escuela del técnico electricista ;
_v11
650 4 _aElectrotecnia.
_912169
700 1 _aSiegrist Spinedy, Emilio.
_9166034
700 0 _aPlanell, Francisco.
_992544
830 0 _aLa escuela del técnico electricista ;
_v11
_9187813
852 _aES-MaACL
_jP-317-6
999 _c153876
_d153876